Music Quiz

Random Music or Song Quiz
Score 0/14 Timer 04:00
0 Plays Today
Year Song % Correct
2007Umbrella
87.5%
2010Love the Way You Lie
78.8%
2016Work
71.8%
2013The Monster
65.3%
2010What's My Name?
62.4%
2011S&M (remix)
57.4%
2012Diamonds
50.7%
Year Song % Correct
2008Live Your Life
49.5%
2006SOS
49.2%
2010Only Girl (In the World)
47.3%
2008Disturbia
45.7%
2010Rude Boy
42.8%
2011We Found Love
35.3%
2008Take a Bow
34.2%

You're not logged in!

Compare scores with friends on all Sporcle quizzes.
OR
Log In

Sporcle TV

Today on Sporcle TV


Watch our educational content, quiz creation guides, and fun videos on Sporcle TV.

Show Comments

Extras

Top Quizzes Today


Score Distribution

Paid Content

Your Account Isn't Verified!

In order to create a playlist on Sporcle, you need to verify the email address you used during registration. Go to your Sporcle Settings to finish the process.

Report this User

Report this user for behavior that violates our Community Guidelines.

Details: